The Oxford illustrated history of modern Europe

Αποθηκεύτηκε σε:
Λεπτομέρειες βιβλιογραφικής εγγραφής
Άλλοι συγγραφείς: Blanning, T. C. W. (Επιμελητής έκδοσης)
Μορφή: Βιβλίο
Γλώσσα:English
Δημοσίευση: Oxford : Oxford University Press, c1996.
Θέματα:
Ετικέτες: Προσθήκη ετικέτας
Δεν υπάρχουν, Καταχωρήστε ετικέτα πρώτοι!

MARC

LEADER 00000cam a2200000 i 4500
001 1/79207
008 990504s1996 eng d
020 |a 0198203748 
035 |l 10050329 
040 |a GR-MY-UA  |b gre  |e aacr 
041 0 |a eng 
082 0 |a 940.28 
245 1 4 |a The Oxford illustrated history of modern Europe /   |c edited by T. C. W. Blanning.  
260 |a Oxford :   |b Oxford University Press,   |c c1996.  
300 |a 362 σ. :   |b εικ.  
504 |a Includes bibliographical references.  
651 0 |a Europe  |x History  |y 1789-1900. 
651 0 |a Europe  |x History  |y 20th century. 
700 1 |a Blanning, T. C. W.  |e edt 
767 0 8 |i Μεταφρασμένο ως:   |t Ιστορία της σύγχρονης Ευρώπης /  
852 |a INST  |b LESVOS  |e 19990504  |h 940.28 OXF  |p 005100016377  |q 005100016377  |t BK  |y 0 
901 |a BIBL1-1999-2 
909 |a Λ  |b 061755 
922 |a 1ΕΛΗ  |b 199812  |c ΚΠΣ/ΚΥΒ  |d LEADER 
950 |a 023-1998-09-14